• 首页
  • 本馆介绍
  • 公告通知
  • 最新文献
  • 馆藏检索
  • 电子资源
  • 读者导购
  • 参考咨询
  • 我的图书馆
  • 登录
  • 详细信息显示
  • 放入我的书架
  • 预约/预借图书
  • 作者相关作品
  • 分类相关作品
  • 丛书相关作品
  • 出版社相关作品

书目信息

  • 表格格式
  • 工作单格式
  • 卡片格式
题名:
百年诺贝尔奖
    
 
作者: 姚子鹏 , 金若水 编
分册:   化学卷
出版信息: 上海   上海科学技术出版社  2001
页数: 234页
开本: 21cm
丛书名:
单 册:
中图分类: G311
科图分类:
主题词: 诺贝尔奖金--科学家--生平事迹--世界--20世纪 , 科学家 , 诺贝尔奖金--化学家--生平事迹--世界--20世纪 , 科学管理--工作
电子资源:
ISBN: 7-5323-6125-X
000 00884nam0 2200289 450
001 (011001)c2001087350
005 20060117152447.56
009 (011001)c2001087350
010    @a7-5323-6125-X@dCNY15.00
035    @a(011001)c2001087350
092    @aCN
100    @a20011024d2001 em y0chiy0110 ea
101 0  @achi
102    @aCN@b310000
105    @aa z 000yd
200 1  @a百年诺贝尔奖@Abai nian nuo bei er jiang@i化学卷@f姚子鹏,金若水编@Fyao zi peng,jin ruo shui bian
210    @a上海@c上海科学技术出版社@d2001
215    @a234页@c插图@d21cm
606 0  @a诺贝尔奖金@x科学家@x生平事迹@y世界@z20世纪
606 0  @a科学家
606 0  @a诺贝尔奖金@x化学家@x生平事迹@y世界@z20世纪
606 0  @a科学管理@x工作
690    @aG311@v4
701  0 @a姚子鹏@Ayao zi peng@4编
701  0 @a金若水@Ajin ruo shui@4编
801  0 @aCN@bTSSF@c20060117
905    @a10447@dG311@e16:2
    
    百年诺贝尔奖.化学卷/姚子鹏,金若水编.-上海:上海科学技术出版社,2001
    234页:插图;21cm
    
    
    ISBN 7-5323-6125-X:CNY15.00
    
●
相关链接 在E读中查询图书 在五车中查询图书 在当当中查询图书 在豆瓣中查询图书


正题名:百年诺贝尔奖     索取号:G311/16:2         预约/预借

序号 登录号 条形码 馆藏地/架位号 状态 备注
1 0338150   203381508   第一样本阅览室/ [索取号:G311/16:2] 在馆    
2 0338151   203381517   第四借阅区/ [索取号:G311/16:2] 在馆    
3 0338152   203381526   第四借阅区/ [索取号:G311/16:2] 在馆    
4 0338153   203381535   第四借阅区/ [索取号:G311/16:2] 在馆    
5 0338154   203381544   第四借阅区/ [索取号:G311/16:2] 在馆    
唐山师范学院图书馆 欢迎您!
大连网信软件有限公司© 版权所有